[Event "World Rapid Team 2023"]
[Site "Dusseldorf GER"]
[Date "2023.08.27"]
[Round "5.17"]
[Board "3"]
[White "Deregnaucourt, Lucas"]
[Black "Mueller, Konstantin"]
[Result "1-0"]
[WhiteElo "2076"]
[BlackElo "1696"]
[WhiteTeam "Ecole Polytechnique Francaise de Lausanne"]
[BlackTeam "Deutsche Schachjugend 2"]
[WhiteFideId "26057794"]
[BlackFideId "34661778"]
[EventDate "2023.08.26"]

1. c4 Nf6 2. Nf3 e6 3. g3 d5 4. Bg2 dxc4 5. Qa4+ Bd7 6. Qxc4 Bc6 7. Nc3 Nbd7 8.
O-O Bd6 9. e4 O-O 10. Re1 Ne5 11. Nxe5 Bxe5 12. Ne2 Bd6 13. Nd4 e5 14. Nxc6 bxc6
15. Qxc6 Qd7 16. Qc4 Rab8 17. a3 Qb5 18. Qxb5 Rxb5 19. Bf1 Rb6 20. d4 Nd7 21.
Bh3 Rd8 22. Rd1 f6 23. b4 exd4 24. Bb2 Ne5 25. f4 Nc6 26. Kg2 a5 27. Bxd4 Nxd4
28. Rxd4 axb4 29. axb4 Rxb4 30. Be6+ Kf8 31. Rad1 Rxd4 32. Rxd4 Ke7 33. Bb3 Rb8
34. Rd3 Ra8 35. Kf3 Ra3 36. h4 Bc5 37. g4 Ra1 38. Bd1 Ra3 39. Bb3 Ra1 40. e5
Rf1+ 41. Ke4 fxe5 42. fxe5 Rf8 43. Rc3 Bb6 44. Rc6 Rf1 45. Rc3 Re1+ 46. Kd5 Rg1
47. Rf3 Rxg4 48. Kc6 Rxh4 49. Rf7+ Ke8 50. Rxg7 Re4 51. Kd5 Rf4 52. Rxh7 Rf7 53.
Rh8+ Rf8 54. Rh6 Ke7 55. e6 Kd8 56. Rh7 Re8 57. Ba4 Rg8 58. e7+ Kc8 59. e8=Q+
Rxe8 60. Bxe8 Kb7 61. Bc6+ Ka6 62. Rh4 Ka5 63. Ra4# 1-0

[Event "World Rapid Team 2023"]
[Site "Dusseldorf GER"]
[Date "2023.08.27"]
[Round "5.17"]
[Board "4"]
[White "Czaeczine, Paula"]
[Black "Pheng, Wissam"]
[Result "0-1"]
[WhiteElo "1588"]
[BlackElo "1940"]
[WhiteTeam "Deutsche Schachjugend 2"]
[BlackTeam "Ecole Polytechnique Francaise de Lausanne"]
[WhiteFideId "16249305"]
[BlackFideId "26008505"]
[EventDate "2023.08.26"]

1. e4 Nf6 2. Nc3 d5 3. exd5 Nxd5 4. Nf3 Nxc3 5. bxc3 g6 6. d4 Bg7 7. Bc4 O-O 8.
O-O c5 9. h3 Qc7 10. Qe2 Nc6 11. Be3 Na5 12. Nd2 Nxc4 13. Nxc4 Be6 14. Nb2 Rac8
15. Rac1 Qa5 16. Qd2 cxd4 17. cxd4 Qxd2 18. Bxd2 Bxd4 19. c3 Bg7 20. a3 Rfd8 21.
Be1 Rd6 22. f3 Rb6 23. Nd1 Bc4 24. Rf2 Ra6 25. Rb2 Bd5 26. Ne3 Bd4 27. Bf2 Bxe3
28. Bxe3 Rxa3 29. Bd4 f6 30. Rb5 Bc6 31. Rc5 Ra4 32. Re1 Kf7 33. Bf2 b6 0-1

[Event "World Rapid Team 2023"]
[Site "Dusseldorf GER"]
[Date "2023.08.27"]
[Round "5.17"]
[Board "5"]
[White "Wasserfallen, Benedict"]
[Black "Bohatyrova, Mariia"]
[Result "1-0"]
[WhiteElo "1853"]
[BlackElo "1398"]
[WhiteTeam "Ecole Polytechnique Francaise de Lausanne"]
[BlackTeam "Deutsche Schachjugend 2"]
[WhiteFideId "1344927"]
[BlackFideId "34165789"]
[EventDate "2023.08.26"]

1. e4 e5 2. Nf3 Nc6 3. Nc3 Nf6 4. Bb5 Bb4 5. O-O O-O 6. d3 d6 7. Bg5 Bxc3 8.
bxc3 h6 9. Bh4 Re8 10. h3 Bd7 11. Re1 a6 12. Ba4 Kh8 13. Qd2 Rg8 14. Nh2 g5 15.
Bg3 h5 16. f3 Qc8 17. h4 Nh7 18. Kh1 Rg6 19. d4 g4 20. f4 exf4 21. Qxf4 Rf6 22.
Qd2 Rg6 23. Rf1 Qe8 24. Rae1 Qe7 25. Bb3 Rf8 26. e5 dxe5 27. d5 Na5 28. Rxe5 Qd8
29. Rxh5 Nxb3 30. cxb3 Kg8 31. Rh6 Rxh6 32. Qxh6 Qe7 33. Re1 Qf6 34. Qxf6 Nxf6
35. c4 Bf5 36. Bxc7 Rc8 37. d6 Ne4 38. Nxg4 Bxg4 39. Rxe4 Bf5 40. Re1 Be6 41.
Rxe6 fxe6 1-0

[Event "World Rapid Team 2023"]
[Site "Dusseldorf GER"]
[Date "2023.08.27"]
[Round "5.18"]
[Board "1"]
[White "Kraus, Sebastian"]
[Black "Shamsi, Mohammadhossein"]
[Result "1-0"]
[BlackTitle "CM"]
[WhiteElo "1904"]
[BlackElo "2217"]
[WhiteTeam "Unischach Bayreuth"]
[BlackTeam "PhileKhoob Chess Club"]
[WhiteFideId "24690260"]
[BlackFideId "12507326"]
[EventDate "2023.08.26"]

1. e4 c5 2. Nf3 e6 3. c3 d5 4. exd5 Qxd5 5. d4 Nf6 6. Be3 cxd4 7. cxd4 Nc6 8.
Nc3 Qd6 9. Bd3 Be7 10. O-O O-O 11. Re1 b6 12. Ne4 Nxe4 13. Bxe4 Bb7 14. Ne5 Na5
15. Bxb7 Nxb7 16. Qf3 Na5 17. Rac1 Bf6 18. Qe4 Rac8 19. h3 Rfd8 20. a3 Nb3 21.
Rxc8 Rxc8 22. Qb7 Qc7 23. Qa6 Rd8 24. Qa4 Bxe5 25. dxe5 Na5 26. Bg5 Rf8 27. Qg4
Kh8 28. Re4 Nc6 29. Qf4 Qd7 30. Bf6 Rg8 31. Qh6 Qd1+ 32. Kh2 gxf6 33. Qxf6+ Rg7
34. Rg4 Qxg4 35. hxg4 Kg8 36. f3 Rg6 37. Qf4 h6 38. Qe4 Ne7 39. Qa8+ Kg7 40.
Qxa7 Nd5 41. Qa4 Rg5 42. Qe4 h5 43. gxh5 Rxh5+ 44. Kg1 Rh8 45. Qg4+ Kf8 46. Qg5
Ke8 47. a4 Rf8 48. Qh4 Kd7 49. a5 bxa5 50. Qa4+ Ke7 51. Qa3+ Ke8 52. Qxa5 Kd7
53. Qb5+ Kd8 54. b4 Re8 55. Qb8+ Kd7 56. Qd6+ Kc8 57. b5 Re7 58. b6 Kb7 59. f4
Ka6 60. f5 Rb7 61. fxe6 fxe6 62. Qxe6 Nxb6 63. Qc6 Re7 64. Qd6 Rd7 65. Qa3+ Kb7
66. e6 Rd8 67. e7 Re8 68. Qd6 Ka6 69. Qd8 1-0

[Event "World Rapid Team 2023"]
[Site "Dusseldorf GER"]
[Date "2023.08.27"]
[Round "5.18"]
[Board "2"]
[White "Juegel, Marcel"]
[Black "Braun, Kristin"]
[Result "0-1"]
[WhiteElo "2164"]
[BlackElo "1906"]
[WhiteTeam "PhileKhoob Chess Club"]
[BlackTeam "Unischach Bayreuth"]
[WhiteFideId "24621625"]
[BlackFideId "24656534"]
[EventDate "2023.08.26"]

1. d4 Nf6 2. Nc3 d5 3. Bf4 g6 4. e3 Bg7 5. h4 h5 6. Nb5 Na6 7. Nf3 c6 8. Nc3 Bf5
9. Bd3 Ne4 10. Ng5 Qa5 11. O-O Nxc3 12. Qd2 Bxd3 13. cxd3 Ne2+ 14. Qxe2 Qd8 15.
Be5 O-O 16. Bxg7 Kxg7 17. e4 dxe4 18. Qxe4 Nc7 19. Rfe1 e6 20. Qe5+ Kg8 21. Qe4
Qd5 22. Qf4 Nb5 23. Re4 Rad8 24. Nf3 Qf5 25. Qh6 Qf6 26. Rf4 Qg7 27. Qg5 Rd5 28.
Qe7 Nxd4 29. Nxd4 Rxd4 30. Rf3 Rb8 31. Re1 Rdd8 32. b3 Rf8 33. Qc5 a6 34. Re5 b6
35. Qe3 c5 36. Rg3 f5 37. f4 Rfe8 38. Rxe6 Rxe6 39. Qxe6+ Kh7 40. Kh2 Rb7 41.
Re3 Qd7 42. Qe5 Qd8 43. g3 Rd7 44. Qe6 Rxd3 45. Qf7+ Kh6 46. Re8 Qd4 47. Qf8+
Qg7 48. Qxg7+ Kxg7 49. Re6 Rd2+ 50. Kh3 Rxa2 51. Rxb6 Rb2 52. Rb7+ Kh6 53. Rc7
Rxb3 54. Rxc5 Rb8 55. Ra5 Ra8 56. Kg2 Kg7 57. Kf3 Kf7 58. Ke3 Ke6 59. Kd4 Kd6
60. Kc4 Kc6 61. Re5 a5 62. Kb3 a4+ 63. Ka3 Kd6 64. Rb5 Ra6 65. Re5 Rc6 66. Re3
Rc4 67. Rd3+ Kc5 68. Re3 Re4 69. Rc3+ Kd4 70. Rf3 Re3+ 71. Rxe3 Kxe3 0-1

[Event "World Rapid Team 2023"]
[Site "Dusseldorf GER"]
[Date "2023.08.27"]
[Round "5.18"]
[Board "3"]
[White "Strahl, Christian"]
[Black "Kuckling, Hannah"]
[Result "1-0"]
[BlackTitle "WFM"]
[WhiteElo "1857"]
[BlackElo "2057"]
[WhiteTeam "Unischach Bayreuth"]
[BlackTeam "PhileKhoob Chess Club"]
[WhiteFideId "12955019"]
[BlackFideId "24603660"]
[EventDate "2023.08.26"]

1. e4 c5 2. Nf3 e6 3. g3 Nc6 4. Bg2 d6 5. O-O Nf6 6. Qe2 Be7 7. c3 Qb6 8. Rd1 e5
9. h3 O-O 10. Na3 Re8 11. d3 h6 12. Nc4 Qa6 13. Nh4 b5 14. Ne3 Bf8 15. Rf1 b4
16. Nd5 Nxd5 17. exd5 Ne7 18. c4 g5 19. Nf3 Ng6 20. Nh2 Bd7 21. Qh5 Qc8 22. Ng4
Bxg4 23. hxg4 Bg7 24. Be4 Nf8 25. Kg2 Qd8 26. Bd2 Nd7 27. Rh1 Nf6 28. Qh3 a5 29.
Bf5 e4 30. Rae1 exd3 31. f4 Qc7 32. fxg5 Rxe1 33. Rxe1 Re8 34. gxf6 Rxe1 35.
Bxe1 Bxf6 36. Bxd3 Bg5 37. Bf2 Qe7 38. Qh1 Qe5 39. Qe1 Qxb2 40. Qe2 Qc1 41. Qe8+
Kg7 42. Qe2 Qc3 43. Qc2 Qe5 44. Bf5 Qa1 45. Kf3 Qh1+ 46. Ke2 Qa1 47. Be1 Qe5+
48. Kf2 Qd4+ 49. Kg2 Qe3 50. Bf2 Qe5 51. Qa4 Qb2 52. Qb3 Qd2 53. Kf3 Qc1 54. Qc2
Qh1+ 55. Ke2 Qa1 56. Qb1 Qe5+ 57. Kf3 Qc3+ 58. Kg2 Qd2 59. Qa1+ Bf6 60. Qb1 Bd4
61. Qe1 Qxa2 62. Kg1 Qxf2+ 63. Qxf2 Bxf2+ 64. Kxf2 a4 65. Bc2 b3 66. Bd1 b2 67.
Bc2 a3 68. Bb1 Kf6 69. Ke3 Ke5 70. Kd3 f5 71. gxf5 Kxf5 72. Kc3+ Kg4 73. Kb3
Kxg3 74. Kxa3 Kf3 75. Kxb2 Ke3 76. Kc3 h5 77. Bf5 h4 78. Bh3 Ke2 79. Kb3 Kd3 80.
Bf1+ Kd4 81. Kc2 Ke4 82. Kc3 Ke3 83. Bh3 Ke4 84. Be6 Ke3 85. Bf5 Kf4 86. Bh3 Ke3
87. Bg2 Kf2 88. Bh1 Ke3 89. Bg2 Ke2 90. Kb3 Kd3 91. Bf1+ Kd4 92. Ka4 h3 93. Bxh3
Kxc4 94. Be6 Kd4 95. Kb5 c4 96. Kc6 Ke5 97. Bg8 Kf6 98. Bh7 Ke7 99. Bc2 c3 100.
Bd3 Ke8 101. Kxd6 Kd8 102. Kc6 Kc8 103. d6 1-0

[Event "World Rapid Team 2023"]
[Site "Dusseldorf GER"]
[Date "2023.08.27"]
[Round "5.18"]
[Board "4"]
[White "Bahmani, Koorosh"]
[Black "Glock, Benjamin"]
[Result "1-0"]
[WhiteElo "1873"]
[BlackElo "1782"]
[WhiteTeam "PhileKhoob Chess Club"]
[BlackTeam "Unischach Bayreuth"]
[WhiteFideId "42576750"]
[BlackFideId "12942103"]
[EventDate "2023.08.26"]

1. Nf3 Nf6 2. g3 d5 3. Bg2 c5 4. O-O Nc6 5. d4 e6 6. c4 Be7 7. Nc3 O-O 8. cxd5
exd5 9. dxc5 Bxc5 10. Na4 Be7 11. Be3 h6 12. Bc5 Be6 13. Nd4 Bd7 14. Rc1 Nxd4
15. Qxd4 Bxc5 16. Nxc5 Bc6 17. Rfd1 Qe7 18. e3 Ne4 19. Nd3 Rfe8 20. Nb4 Rac8 21.
Nxd5 Bxd5 22. Rxc8 Rxc8 23. Qxd5 Nf6 24. Qb5 b6 25. a4 g6 26. Bf3 Kg7 27. e4 Rc5
28. Qd3 Re5 29. Qd4 Kh7 30. Re1 h5 31. Bg2 Rd5 32. Qc3 Rc5 33. Qa3 Qe5 34. f4
Qd4+ 35. Qe3 Qxa4 36. h3 Qc2 37. e5 Nd5 38. Qe2 Qf5 39. e6 fxe6 40. Qxe6 Qxe6
41. Rxe6 Rc1+ 42. Kf2 Nb4 43. Be4 Rc5 44. Rxg6 Kh8 45. Rd6 Kg7 46. Rd7+ Kf6 47.
Rxa7 Nc6 48. Rc7 Nd4 49. Rh7 b5 50. g4 hxg4 51. hxg4 b4 52. Rb7 b3 53. Ke3 Nc2+
54. Kd2 Rc4 55. g5+ Ke6 56. Bd3 Rxf4 57. Rxb3 Nd4 58. Rb6+ Kf7 59. g6+ Kg7 60.
Rb7+ Kg8 61. b4 Nc6 62. b5 Ne5 63. Bc2 Rf2+ 64. Kc3 Rg2 65. b6 Rg3+ 66. Kd4 Nc6+
67. Ke4 Rxg6 68. Rc7 Rd6 69. b7 Rd4+ 70. Ke3 Rb4 71. Be4 Na7 72. Rc8+ Kf7 73.
Ra8 Rb3+ 74. Kf4 1-0

[Event "World Rapid Team 2023"]
[Site "Dusseldorf GER"]
[Date "2023.08.27"]
[Round "5.18"]
[Board "5"]
[White "Holoubek, Jonas"]
[Black "Shahsanam, Alireza"]
[Result "0-1"]
[WhiteElo "1570"]
[BlackElo "1782"]
[WhiteTeam "Unischach Bayreuth"]
[BlackTeam "PhileKhoob Chess Club"]
[WhiteFideId "16283260"]
[BlackFideId "12517887"]
[EventDate "2023.08.26"]

1. d4 Nf6 2. c4 g6 3. Nc3 Bg7 4. Nf3 d6 5. Bg5 h6 6. Bh4 O-O 7. e3 c5 8. Be2
cxd4 9. exd4 Nh5 10. Qc2 Nf4 11. O-O Nc6 12. Rad1 Bg4 13. h3 Bxf3 14. Bxf3 Nxd4
15. Qe4 Nxf3+ 16. Qxf3 g5 17. Bg3 Ne6 18. Qxb7 a5 19. Nd5 Re8 20. b3 a4 21. b4
Nd4 22. Rfe1 e6 23. Ne3 Rb8 24. Qe4 Qb6 25. Rb1 f5 26. c5 Qb5 27. Nxf5 exf5 28.
Qd5+ Kh8 29. Rxe8+ Rxe8 30. Bxd6 Ne2+ 31. Kh1 Nc3 32. Qxf5 Nxb1 33. Qxb1 Bc3 34.
Qg6 Bg7 35. a3 Qe2 36. Kg1 Qe1+ 37. Kh2 Be5+ 38. Bxe5+ Qxe5+ 39. g3 Re6 40. Qf7
Rf6 41. Qa2 Qd4 42. Kg2 Qe4+ 43. Kh2 Qf3 44. Kg1 Qd1+ 45. Kg2 Qb3 46. Qa1 Qf3+
47. Kg1 Qxf2+ 48. Kh1 Qf3+ 49. Kh2 Kh7 50. Qb1+ Kg7 51. Qe1 Qf2+ 52. Qxf2 Rxf2+
53. Kg1 Rc2 54. Kf1 Kf6 55. Ke1 Ke5 56. Kd1 Rc3 57. Kd2 Rxa3 0-1

[Event "World Rapid Team 2023"]
[Site "Dusseldorf GER"]
[Date "2023.08.27"]
[Round "5.18"]
[Board "6"]
[White "Mirzaiee Rad, Javad"]
[Black "Hollstein, Jonas"]
[Result "1-0"]
[WhiteElo "1721"]
[BlackElo "1495"]
[WhiteTeam "PhileKhoob Chess Club"]
[BlackTeam "Unischach Bayreuth"]
[WhiteFideId "42543819"]
[BlackFideId "16266870"]
[EventDate "2023.08.26"]

1. Nf3 d5 2. d4 c6 3. e3 Nf6 4. Bd3 Bg4 5. O-O e6 6. Nbd2 Nbd7 7. c4 Be7 8. Qc2
dxc4 9. Bxc4 O-O 10. b3 Rc8 11. Bb2 Nb6 12. Bd3 Bh5 13. Ne5 Nbd7 14. Ndf3 c5 15.
Qd2 Nxe5 16. Nxe5 Nd7 17. f4 Nxe5 18. fxe5 Bg5 19. Qf2 f6 20. Qg3 Bh6 21. Qh3
Qe8 22. exf6 gxf6 23. d5 exd5 24. Kh1 c4 25. bxc4 dxc4 26. Bf5 c3 27. Ba3 Rf7
28. Bxc8 Rc7 29. Be6+ Kh8 30. Rxf6 Bg7 31. Rff1 c2 32. Rac1 Bg6 33. Bb3 Bd3 34.
Qg3 Rc8 35. Rf4 Be5 36. Qg5 Bxf4 37. Bb2+ Be5 38. Bxe5+ 1-0

[Event "World Rapid Team 2023"]
[Site "Dusseldorf GER"]
[Date "2023.08.27"]
[Round "6.1"]
[Board "1"]
[White "Donchenko, Alexander"]
[Black "Sargissian, Gabriel"]
[Result "1/2-1/2"]
[WhiteTitle "GM"]
[BlackTitle "GM"]
[WhiteElo "2684"]
[BlackElo "2692"]
[WhiteTeam "Germany and Friends"]
[BlackTeam "Armenia"]
[WhiteFideId "24603295"]
[BlackFideId "13300881"]
[EventDate "2023.08.26"]

1. c4 e6 2. Nf3 d5 3. e3 Nf6 4. Nc3 Be7 5. b3 O-O 6. Bb2 c5 7. cxd5 Nxd5 8. Qc2
Nc6 9. h4 b6 10. a3 f5 11. Nxd5 exd5 12. d4 Be6 13. Bd3 Rc8 14. dxc5 bxc5 15.
O-O d4 16. Rad1 Na5 17. Bc4 Nxc4 18. bxc4 Bf6 19. Rfe1 Bf7 20. exd4 cxd4 21.
Bxd4 Rxc4 22. Qb2 Bxd4 23. Nxd4 Qf6 24. Qa1 h6 25. Nf3 Qxa1 26. Rxa1 Bh5 27. Ne5
Rxh4 28. a4 Rc8 29. a5 Rd4 30. Rac1 Rxc1 31. Rxc1 Be2 32. Rc7 a6 33. Nc6 Rd1+
34. Kh2 Kh7 35. Ne7 f4 36. Nf5 Kg6 37. Nxg7 Bg4 38. Ne8 Bd7 39. Ra7 Bxe8 40.
Rxa6+ Kg5 41. Re6 Bg6 42. Re5+ Bf5 43. Re8 Ra1 44. Ra8 Be4 45. Re8 Bg6 46. Ra8
Rf1 47. f3 Ra1 48. Ra7 h5 49. Ra8 h4 50. a6 h3 51. g3 Ra2+ 52. Kxh3 Bf5+ 53. g4
Bd3 54. Rg8+ Kh6 55. Rh8+ Kg7 56. Rd8 Bxa6 57. Rd4 Kg6 58. Rxf4 Bf1+ 59. Kg3
Rg2+ 60. Kh4 Rh2+ 61. Kg3 Rg2+ 62. Kh4 1/2-1/2

[Event "World Rapid Team 2023"]
[Site "Dusseldorf GER"]
[Date "2023.08.27"]
[Round "6.1"]
[Board "2"]
[White "Martirosyan, Haik M."]
[Black "Bluebaum, Matthias"]
[Result "1/2-1/2"]
[WhiteTitle "GM"]
[BlackTitle "GM"]
[WhiteElo "2683"]
[BlackElo "2670"]
[WhiteTeam "Armenia"]
[BlackTeam "Germany and Friends"]
[WhiteFideId "13306553"]
[BlackFideId "24651516"]
[EventDate "2023.08.26"]

1. d4 d5 2. c4 e6 3. Nc3 Bb4 4. Nf3 Nf6 5. Bg5 h6 6. Bxf6 Qxf6 7. e3 c5 8. cxd5
exd5 9. Bb5+ Bd7 10. Be2 O-O 11. O-O Bxc3 12. bxc3 Be6 13. Ne5 Qe7 14. Rb1 b6
15. Bf3 Nd7 16. Nd3 Nf6 17. dxc5 bxc5 18. Nf4 Rad8 19. Qd3 Qd7 20. Qb5 Bf5 21.
Qxd7 Rxd7 22. Rbd1 Rfd8 23. Rfe1 d4 24. cxd4 cxd4 25. e4 Bg4 26. Bxg4 Nxg4 27.
e5 Re7 28. e6 Nf6 29. Kf1 g5 30. exf7+ Kxf7 31. Nd3 Rxe1+ 32. Rxe1 Rc8 33. Ne5+
Kg8 34. Rd1 Rc5 35. Nf3 Ra5 36. Rd2 Ra4 37. h3 Kf7 38. Ke1 Kg6 39. Kf1 h5 40. g3
g4 41. hxg4 hxg4 42. Rxd4 Rxa2 43. Nh4+ Kf7 44. Nf5 a5 45. Ne3 Ke6 46. Nxg4 Nd5
47. Re4+ Kd6 48. Ne3 Nb6 49. Rf4 Ra1+ 50. Kg2 Rc1 51. Rf5 a4 52. Ra5 Rc5 53. Ra7
Rc7 54. Nf5+ Kd7 55. Ra5 Rc4 56. Ne3 Rd4 57. Kf3 Kc6 58. g4 Rb4 59. g5 Rb5 60.
Rxb5 Kxb5 61. g6 Nd7 62. Kf4 Nf8 63. Kf5 Nxg6 64. Kxg6 a3 65. Nc2 a2 66. f4 Kc4
67. f5 Kc3 68. Na1 Kb2 69. f6 Kxa1 70. f7 Kb1 71. f8=Q a1=Q 72. Qf1+ Ka2 73.
Qxa1+ Kxa1 1/2-1/2

[Event "World Rapid Team 2023"]
[Site "Dusseldorf GER"]
[Date "2023.08.27"]
[Round "6.1"]
[Board "3"]
[White "Svane, Rasmus"]
[Black "Sargsyan, Shant"]
[Result "1-0"]
[WhiteTitle "GM"]
[BlackTitle "GM"]
[WhiteElo "2631"]
[BlackElo "2639"]
[WhiteTeam "Germany and Friends"]
[BlackTeam "Armenia"]
[WhiteFideId "4657101"]
[BlackFideId "13306766"]
[EventDate "2023.08.26"]

1. Nf3 d5 2. d4 Nf6 3. c4 e6 4. g3 Bb4+ 5. Bd2 Be7 6. Bg2 O-O 7. O-O Nbd7 8. Qc2
c6 9. Bf4 b6 10. cxd5 cxd5 11. Rc1 Bb7 12. Qb3 Rc8 13. Rxc8 Qxc8 14. Nc3 Nh5 15.
Bg5 Qd8 16. Bxe7 Qxe7 17. Rc1 Rc8 18. e3 Nhf6 19. Qd1 h6 20. Bf1 Nb8 21. Ne5
Nfd7 22. Nxd7 Qxd7 23. Bd3 Ba6 24. Bb1 g6 25. e4 dxe4 26. Bxe4 Bb7 27. Bxb7 Qxb7
28. Qd2 h5 29. d5 exd5 30. Rd1 d4 31. Qxd4 Nc6 32. Qe4 Qe7 33. Qxe7 Nxe7 34. Rd7
Nc6 35. Ne4 Ne5 36. Rxa7 Rc2 37. b3 Nf3+ 38. Kg2 Ne1+ 39. Kf1 Nf3 40. h3 Rb2 41.
Nd6 Rb1+ 42. Ke2 Ng1+ 43. Ke3 Re1+ 44. Kd4 Nxh3 45. f4 h4 46. gxh4 Rd1+ 47. Ke5
Re1+ 48. Kd5 Nxf4+ 49. Kc6 Re6 50. Rd7 Ng2 51. Kxb6 Nxh4 52. a4 Nf5 53. Kc7 Nxd6
54. Rxd6 Re3 55. b4 Ra3 56. a5 g5 57. Kb7 g4 58. a6 g3 59. a7 Kg7 60. b5 f5 61.
b6 g2 62. Rd1 f4 63. a8=Q Rxa8 64. Kxa8 f3 65. b7 f2 66. b8=Q f1=Q 67. Qe5+ 1-0

[Event "World Rapid Team 2023"]
[Site "Dusseldorf GER"]
[Date "2023.08.27"]
[Round "6.1"]
[Board "4"]
[White "Ter-Sahakyan, Samvel"]
[Black "Kollars, Dmitrij"]
[Result "0-1"]
[WhiteTitle "GM"]
[BlackTitle "GM"]
[WhiteElo "2609"]
[BlackElo "2628"]
[WhiteTeam "Armenia"]
[BlackTeam "Germany and Friends"]
[WhiteFideId "13302531"]
[BlackFideId "12909572"]
[EventDate "2023.08.26"]

1. e4 e5 2. Nf3 Nc6 3. Bb5 a6 4. Ba4 Nf6 5. O-O Be7 6. Re1 b5 7. Bb3 O-O 8. a4
b4 9. d3 Rb8 10. a5 d6 11. Be3 Be6 12. Bxe6 fxe6 13. Nbd2 h6 14. c3 Qc8 15. h3
Rb5 16. d4 bxc3 17. bxc3 Qb7 18. dxe5 Nxe5 19. Nd4 Rb2 20. Nxe6 Rf7 21. Rb1 Nd3
22. Rxb2 Qxb2 23. Qb1 Qxc3 24. Rd1 c5 25. Nf3 Ne5 26. Nxe5 Qxe5 27. Nf4 Qxe4 28.
Qb6 d5 29. Qxa6 d4 30. Bc1 Qc2 31. Qd3 Qxd3 32. Nxd3 Bd6 33. Nb2 Ra7 34. Nc4 Bc7
35. Bd2 Ne4 36. Kf1 Kf7 37. Ke2 Ke6 38. Be1 Kd5 39. Kd3 Nd6 40. Nxd6 Bxd6 41.
Rc1 Bc7 42. Ra1 c4+ 43. Kc2 Ra6 44. Rb1 d3+ 45. Kd1 Kc5 46. Ra1 Be5 47. Ra3 Bb2 0-1

[Event "World Rapid Team 2023"]
[Site "Dusseldorf GER"]
[Date "2023.08.27"]
[Round "6.1"]
[Board "5"]
[White "Bashylina, Luisa"]
[Black "Danielian, Elina"]
[Result "1-0"]
[WhiteTitle "WFM"]
[BlackTitle "GM"]
[WhiteElo "2152"]
[BlackElo "2416"]
[WhiteTeam "Germany and Friends"]
[BlackTeam "Armenia"]
[WhiteFideId "12983292"]
[BlackFideId "13300210"]
[EventDate "2023.08.26"]

1. d4 Nf6 2. c4 e6 3. Nc3 Bb4 4. a3 Bxc3+ 5. bxc3 d6 6. f3 O-O 7. e4 c5 8. Bd3
Nc6 9. Ne2 b6 10. O-O Ba6 11. Bg5 h6 12. Bh4 e5 13. f4 exf4 14. Nxf4 g5 15. Nd5
Nh7 16. Bg3 cxd4 17. cxd4 Ne7 18. Qh5 Kg7 19. Nxe7 Qxe7 20. e5 Rac8 21. Rae1
Bxc4 22. exd6 Qxe1 23. Rxe1 Bxd3 24. Qf3 Bg6 25. d7 Rcd8 26. Bd6 Rg8 27. Re7 Nf8
28. Be5+ Kh7 29. Rxf7+ 1-0

[Event "World Rapid Team 2023"]
[Site "Dusseldorf GER"]
[Date "2023.08.27"]
[Round "6.1"]
[Board "6"]
[White "Atoyan, Alberto"]
[Black "Lobkin, Bohdan"]
[Result "1-0"]
[WhiteElo "1896"]
[BlackElo "1795"]
[WhiteTeam "Armenia"]
[BlackTeam "Germany and Friends"]
[WhiteFideId "13314831"]
[BlackFideId "34115552"]
[EventDate "2023.08.26"]

1. e4 d5 2. exd5 Qxd5 3. Nc3 Qe5+ 4. Be2 Bg4 5. d4 Bxe2 6. Ngxe2 Qa5 7. b4 Qh5
8. Qd3 Qg6 9. Qxg6 hxg6 10. Nd5 Na6 11. b5 O-O-O 12. bxa6 Rxd5 13. axb7+ Kxb7
14. c4 Rd8 15. Be3 e6 16. O-O Bd6 17. h3 Nf6 18. Rab1+ Kc6 19. Nc3 a6 20. Rb3
Rh5 21. Rfb1 Ra5 22. a4 e5 23. d5+ Kd7 24. Rb7 Ke8 25. Kf1 Nd7 26. Ke2 f5 27. f3
Rc8 28. g4 Bc5 29. Bxc5 Nxc5 30. R7b4 Nd7 31. Rb7 Rc5 32. Kd3 Nb6 33. Rb4 Kd7
34. R4xb6 Rh8 35. Rxg6 Kc8 36. Ra7 Rxh3 37. Rc6 Rxf3+ 38. Ke2 Rxc6 39. dxc6 Kb8
40. Rb7+ 1-0

[Event "World Rapid Team 2023"]
[Site "Dusseldorf GER"]
[Date "2023.08.27"]
[Round "6.2"]
[Board "3"]
[White "Rapport, Richard"]
[Black "Baskin, Robert"]
[Result "1-0"]
[WhiteTitle "GM"]
[BlackTitle "IM"]
[WhiteElo "2752"]
[BlackElo "2451"]
[WhiteTeam "Freedom"]
[BlackTeam "Berlin Chess Federation"]
[WhiteFideId "738590"]
[BlackFideId "24662402"]
[EventDate "2023.08.26"]

1. e4 c5 2. Nf3 d6 3. Bd3 Nf6 4. O-O Nc6 5. Re1 Bg4 6. Bb5 Bd7 7. c3 a6 8. Bf1
Bg4 9. h3 Bxf3 10. Qxf3 g6 11. d3 Bg7 12. Qd1 Nd7 13. Be3 O-O 14. Nd2 b5 15. Nf3
b4 16. d4 bxc3 17. bxc3 Qa5 18. Rc1 Rab8 19. Re2 Rfc8 20. Rec2 Qa4 21. Nd2 Rc7
22. Nb3 Na5 23. dxc5 dxc5 24. Rd2 Nb7 25. Rb1 Bxc3 26. Rc2 Bg7 27. Rc4 Qxa2 28.
Nd2 Nd6 29. Rxb8+ Nxb8 30. Rxc5 Rxc5 31. Bxc5 Nc6 32. Nc4 Nxc4 33. Qd5 Bd4 34.
Bxd4 Nxd4 35. Qd8+ 1-0

[Event "World Rapid Team 2023"]
[Site "Dusseldorf GER"]
[Date "2023.08.27"]
[Round "6.2"]
[Board "4"]
[White "Lagunow, Raphael"]
[Black "Najer, Evgeniy"]
[Result "1/2-1/2"]
[WhiteTitle "IM"]
[BlackTitle "GM"]
[WhiteElo "2413"]
[BlackElo "2648"]
[WhiteTeam "Berlin Chess Federation"]
[BlackTeam "Freedom"]
[WhiteFideId "24652644"]
[BlackFideId "4118987"]
[EventDate "2023.08.26"]

1. e4 c6 2. Nc3 d5 3. Nf3 Bg4 4. h3 Bxf3 5. Qxf3 e6 6. Be2 Nf6 7. O-O d4 8. Nb1
Bd6 9. d3 Bc7 10. Nd2 c5 11. a4 Nc6 12. Nc4 h6 13. h4 Qe7 14. a5 g5 15. Qh3 Rg8
16. h5 Nd7 17. e5 Ndxe5 18. Nxe5 Nxe5 19. f4 g4 20. Qh1 Nc6 21. a6 b6 22. g3 Qd6
23. Re1 f5 24. Bd2 Kf7 25. Bf1 Rae8 26. Bg2 Nb8 27. Re2 Bd8 28. Bb7 Bf6 29. Rae1
Re7 30. Qg2 Rge8 31. Qf2 Nc6 32. Qg2 Nd8 33. Ba8 Kg7 34. Rf1 Rc7 35. b3 Ree7 36.
Rfe1 Rc8 37. Qh1 Kf7 38. Rf1 Qb8 39. Bg2 Rcc7 40. Rfe1 Qc8 41. Ra1 Nc6 42. Kh2
Kg7 43. Rae1 Nd8 44. Ra1 Qd7 45. Kg1 Qe8 46. Rae1 Nf7 47. Ba8 Nd6 48. Bg2 Kf8
49. Qh2 Bg7 50. Qh4 Qf7 51. Qh1 Ne8 52. Bb7 Nf6 53. Rh2 Nd5 54. Bxd5 exd5 55.
Rhe2 Rxe2 56. Rxe2 Re7 57. Rxe7 Kxe7 58. Kf2 Kd6 59. b4 Bf8 60. bxc5+ Kxc5 61.
Qb1 Kc6 62. Qh1 Bc5 63. Kg2 Qe8 64. Kf2 Kb5 65. Qxd5 Qxh5 66. Qd7+ Kxa6 67. Qa4+
Kb7 1/2-1/2

[Event "World Rapid Team 2023"]
[Site "Dusseldorf GER"]
[Date "2023.08.27"]
[Round "6.2"]
[Board "5"]
[White "Shuvalova, Polina"]
[Black "Paehtz, Elisabeth"]
[Result "1-0"]
[WhiteTitle "IM"]
[BlackTitle "GM"]
[WhiteElo "2496"]
[BlackElo "2471"]
[WhiteTeam "Freedom"]
[BlackTeam "Berlin Chess Federation"]
[WhiteFideId "24171760"]
[BlackFideId "4641833"]
[EventDate "2023.08.26"]

1. e4 c5 2. Nf3 Nc6 3. Bb5 g6 4. O-O Bg7 5. c3 Nf6 6. Re1 O-O 7. d4 d5 8. e5 Ne4
9. Be3 Qb6 10. Qe2 cxd4 11. cxd4 a6 12. Bxc6 bxc6 13. Nc3 Nxc3 14. bxc3 a5 15.
Rab1 Qc7 16. h3 Bf5 17. Rbc1 Rfb8 18. g4 Bc8 19. Qd2 a4 20. Bh6 Bh8 21. Ng5 a3
22. Qf4 f6 23. Nf7 fxe5 24. Nxe5 Be6 25. Nxg6 Qxf4 26. Bxf4 Rb2 27. Nxh8 Bc8 28.
Rxe7 Kxh8 29. Bh6 Ba6 30. Rce1 Rg8 31. Bf4 Ra8 32. Be5+ Kg8 33. Rg7+ Kf8 34.
Rxh7 Bb7 35. Bd6+ Kg8 36. Ree7 1-0